00942nam a2200253Ia 4500003000900000008004100009040001300050040001300063041000800076100002100084245008800105250001000193260000800203260000900211300001100220300001200231490001800243490000700261600017500268700002100443942000700464999001700471952020000488IT-RoPAU120407s9999 xx 000 0 und d aIT-RoPAU cIT-RoPAU aita aEugen Ruckstuhl  aLa risurrezione di Gesù Cristo. Realtà storica e salvifica e centro della fede  aRoma  aAve c1971 a164 p. c21,5 cm aTeologia oggi v16 a"Tit. orig.:Die Aufersthug Jesu Christi . Trad. L. Tosti. 1. Gesù Cristo, Resurrezione I- Pfammatter, Josef II -Tosti Luciano 232.5 BNI 72-108" aJosef Pfammatter cBK c26717d26717 00102ddc406230_41600000000000071aPAULUSbPAULUSd2012-04-11l0o230.416r2012-04-11 00:00:00w2012-04-11yBKzInserito da: Mario In data: 02 settembre 2011 fondo: Via A.Severo 56 Progr:21325